Alternatívne prístupy k identifikácii kultúrnych dimenzií na cieľovom trhu

Komparácia národných kultúr a aplikácia výsledkov do marketingu. Výskum Geerta Hofstedeho. Trompenaarsov a Humpden-Turnerov prístup a kultúrne dimenzie. Univerzalizmus versus partikularizmus. Individualizmus versus koletivizmus. Difúzna versus špecifická dimenzia. Úspech versus prisudzovanie. Vzťah...

Full description

Saved in:
Bibliographic Details
Main Author: Štetka, Peter, 1986-
Format: Book Chapter
Language:Slovak
Subjects:
Tags: Add Tag
No Tags, Be the first to tag this record!

MARC

LEADER 00000naa$a2200000$$$4500
001 0155213
005 20240502072729.7
041 0 |a slo 
044 |a SK 
245 1 0 |a Alternatívne prístupy k identifikácii kultúrnych dimenzií na cieľovom trhu  |c Peter Štetka 
520 |a Komparácia národných kultúr a aplikácia výsledkov do marketingu. Výskum Geerta Hofstedeho. Trompenaarsov a Humpden-Turnerov prístup a kultúrne dimenzie. Univerzalizmus versus partikularizmus. Individualizmus versus koletivizmus. Difúzna versus špecifická dimenzia. Úspech versus prisudzovanie. Vzťah k času. Schwartzov prístup k interkulturálnym diferenciám. Štruktúra Schwartzovho modelu kultúrnych hodnôt. World values survey - projekt v oblasti merania ľudských hodnôt v interkulturálnom meradle. 
610 2 0 |a marketing 
610 2 0 |a kultúra 
610 2 0 |a národ 
610 2 0 |a spoločnosť 
610 2 0 |a hodnota 
610 2 0 |a výskum 
100 1 |a Štetka, Peter, 1986-